[Event "Zalakarosi Sakkfesztivál open"]
[Site "Zalakaros"]
[Date "2018.06.01"]
[Round "8.4"]
[White "Li, Bo"]
[Black "Szeberenyi, Adam"]
[Result "1-0"]
[WhiteElo "2319"]
[BlackElo "2372"]
[PlyCount "93"]
[EventDate "2018.05.25"]
[EventType "swiss"]
[EventRounds "9"]
[EventCountry "HUN"]

1. d4 d5 2. c4 dxc4 3. Nf3 Nf6 4. Qa4+ Nc6 5. Nc3 Nd5 6. Qxc4 Nb6 7. Qd3 e5 8.
dxe5 Qxd3 9. exd3 Nb4 10. Rb1 Bf5 11. Be3 Rd8 12. Rd1 Nxd3+ 13. Bxd3 Bxd3 14.
Nd4 Bc4 15. Ndb5 Bb4 16. a3 Bxb5 17. axb4 Rxd1+ 18. Kxd1 Bc6 19. Bxb6 axb6 20.
Kd2 Ke7 21. Ke3 Ke6 22. f4 g5 23. fxg5 h6 24. gxh6 Rxh6 25. Kf2 Kxe5 26. Re1+
Kd4 27. b5 Rxh2 28. bxc6 bxc6 29. Re7 b5 30. Rxc7 b4 31. Ne2+ Kc4 32. Rxc6+ Kb3
33. Rb6 Rh4 34. Rb7 Kxb2 35. Rxf7 b3 36. Rc7 Ka3 37. Ra7+ Kb2 38. Rb7 Kc2 39.
Rc7+ Kd2 40. Rd7+ Kc2 41. Nd4+ Kc3 42. Nxb3 Kxb3 43. Kf3 Kc4 44. g4 Kc5 45. Kf4
Kc6 46. Rd1 Rh8 47. g5 1-0

[Event "Zalakarosi Sakkfesztivál open"]
[Site "Zalakaros"]
[Date "2018.06.01"]
[Round "8.6"]
[White "Vanczak, Tamas"]
[Black "Czebe, Attila"]
[Result "1-0"]
[WhiteElo "2303"]
[BlackElo "2422"]
[PlyCount "87"]
[EventDate "2018.05.25"]
[EventType "swiss"]
[EventRounds "9"]
[EventCountry "HUN"]

1. e4 d6 2. d4 g6 3. Nf3 Nf6 4. Bd3 Bg7 5. O-O O-O 6. c3 Nbd7 7. Re1 e5 8. h3
c6 9. a4 Qc7 10. dxe5 Nxe5 11. Nxe5 dxe5 12. Be3 b6 13. Qc2 Bb7 14. Na3 Rfe8
15. b4 Bf8 16. Nc4 Rad8 17. f3 Bc8 18. Bf1 Nh5 19. Qf2 c5 20. b5 Nf4 21. Red1
Bg7 22. Qc2 f5 23. Rxd8 Rxd8 24. Rd1 fxe4 25. Rxd8+ Qxd8 26. Qxe4 Nd5 27. Bg5
Qd7 28. Nxe5 Qe6 29. Bc4 Qxe5 30. Qxd5+ Qxd5 31. Bxd5+ Kf8 32. c4 Bf5 33. Bf4
Bc2 34. Bb8 Bc3 35. Bxa7 Ba5 36. Bb8 Bxa4 37. Be5 Bc2 38. Kf2 Bd3 39. f4 Bd2
40. Bc7 Ba5 41. g4 Kg7 42. Ke3 Bf1 43. Be5+ Kf8 44. f5 1-0

[Event "Zalakarosi Sakkfesztivál open"]
[Site "Zalakaros"]
[Date "2018.06.01"]
[Round "8.7"]
[White "Horvath, Adam"]
[Black "Radovanovic, Jovica"]
[Result "1-0"]
[WhiteElo "2481"]
[BlackElo "2311"]
[PlyCount "105"]
[EventDate "2018.05.25"]
[EventType "swiss"]
[EventRounds "9"]
[EventCountry "HUN"]

1. e4 c5 2. Nf3 d6 3. d4 cxd4 4. Nxd4 Nf6 5. Nc3 a6 6. Be2 g6 7. O-O Bg7 8. Re1
O-O 9. Bg5 Nc6 10. Nb3 b5 11. Bf1 h6 12. Bh4 e6 13. Qd2 Qc7 14. Rad1 Ne8 15. a4
b4 16. Ne2 Rb8 17. Ned4 Bd7 18. Bxa6 Nxd4 19. Nxd4 g5 20. Bg3 Bxa4 21. b3 Bd7
22. Bc4 Qc5 23. e5 Rd8 24. exd6 e5 25. Nf3 Bg4 26. Qe2 Nxd6 27. Rd5 Qc6 28.
Red1 Qb6 29. Bxe5 Bxe5 30. Qxe5 Nxc4 31. bxc4 Rde8 32. Qg3 Bxf3 33. Qxf3 Re6
34. h4 gxh4 35. Qg4+ Rg6 36. Qxh4 Qc6 37. R1d4 Re8 38. Re4 Ra8 39. Rd8+ Kg7 40.
Rxa8 Qxa8 41. Qf4 Qa1+ 42. Kh2 Rg5 43. Qf3 Qf6 44. Rf4 Qg6 45. g3 Qe6 46. Kg2
Ra5 47. Re4 Qg6 48. Rg4 Rg5 49. Rf4 Ra5 50. Qd1 Qc6+ 51. Kh2 Qg6 52. c5 Ra6 53.
Rg4 1-0

[Event "Zalakarosi Sakkfesztivál open"]
[Site "Zalakaros"]
[Date "2018.06.01"]
[Round "8.10"]
[White "Nemeth, Miklos"]
[Black "Gombocz, Ferenc Jr."]
[Result "0-1"]
[WhiteElo "2491"]
[BlackElo "2077"]
[PlyCount "112"]
[EventDate "2018.05.25"]
[EventType "swiss"]
[EventRounds "9"]
[EventCountry "HUN"]

1. e4 e5 2. Bc4 Nf6 3. d3 c6 4. Qe2 Be7 5. Nf3 O-O 6. Bb3 d5 7. exd5 cxd5 8.
Nxe5 Re8 9. O-O Bd6 10. d4 Nc6 11. Qd3 Nxe5 12. dxe5 Bxe5 13. Nd2 h6 14. Nf3
Bd6 15. Be3 b6 16. Rfe1 Bb7 17. c3 Qc7 18. h3 Qd7 19. Rad1 Rad8 20. a4 Bc6 21.
Qc2 Bb8 22. Nd4 Bb7 23. f4 Ne4 24. a5 b5 25. Qe2 a6 26. Qh5 Nf6 27. Qf3 Qc7 28.
Ra1 Kf8 29. Bc2 Ba7 30. Qg3 Bc8 31. Kh1 Ne4 32. Qf3 Nxc3 33. Qf2 Ne4 34. Bxe4
Rxe4 35. Rac1 Qd6 36. Ne6+ Qxe6 37. Bxa7 Re8 38. Rxe4 Qxe4 39. Kh2 Kg8 40. Bd4
b4 41. Rc7 Qd3 42. Be5 f6 43. Bd6 Bxh3 44. Be7 Bg4 45. Qc5 Qd2 46. Kg3 h5 47.
Qxb4 Qxb4 48. Bxb4 Re3+ 49. Kh2 Re2 50. Bc3 Bf3 51. Ra7 Rxg2+ 52. Kh3 Rg1 53.
Rxa6 g5 54. Rxf6 h4 55. Rg6+ Kf7 56. Rf6+ Ke7 0-1

[Event "Zalakarosi Sakkfesztivál open"]
[Site "Zalakaros"]
[Date "2018.06.01"]
[Round "8.11"]
[White "Kincs, Imre"]
[Black "Bokros, Albert"]
[Result "1-0"]
[WhiteElo "2210"]
[BlackElo "2480"]
[PlyCount "83"]
[EventDate "2018.05.25"]
[EventType "swiss"]
[EventRounds "9"]
[EventCountry "HUN"]

1. e4 c5 2. Nf3 e6 3. d4 cxd4 4. Nxd4 Nf6 5. Nc3 d6 6. Bg5 Be7 7. f4 h6 8. Bxf6
Bxf6 9. Qd2 a6 10. O-O-O O-O 11. Kb1 b5 12. g4 Bb7 13. Bg2 Nd7 14. h4 Nb6 15.
g5 Nc4 16. Qe2 Bxd4 17. Rxd4 e5 18. fxe5 Qb6 19. Rd3 Nxe5 20. Rg3 h5 21. Qxh5
Qf2 22. g6 fxg6 23. Qg5 b4 24. Nd1 Qe2 25. Ne3 Qh5 26. Qe7 Bc6 27. Qxd6 Rf6 28.
Qxb4 Qe2 29. Qe1 Qb5 30. b3 a5 31. Rg5 Qb8 32. Qc3 Nf7 33. Rc5 Qb7 34. h5 a4
35. Ng4 Re6 36. h6 gxh6 37. Nxh6+ Nxh6 38. Rxh6 Qg7 39. Rxc6 Rxc6 40. Qxc6 Rd8
41. Rh1 a3 42. e5 1-0

[Event "Zalakarosi Sakkfesztivál open"]
[Site "Zalakaros"]
[Date "2018.06.01"]
[Round "8.12"]
[White "Karacsonyi, Gellert"]
[Black "Astaneh Lopez, Alex"]
[Result "0-1"]
[WhiteElo "2208"]
[BlackElo "2446"]
[PlyCount "94"]
[EventDate "2018.05.25"]
[EventType "swiss"]
[EventRounds "9"]
[EventCountry "HUN"]

1. e4 e5 2. Nf3 Nc6 3. Bb5 Nf6 4. O-O Nxe4 5. d4 Nd6 6. Bxc6 dxc6 7. dxe5 Nf5
8. Qxd8+ Kxd8 9. h3 Ke8 10. Nc3 h6 11. g4 Ne7 12. Kg2 h5 13. Kg3 hxg4 14. hxg4
f5 15. g5 Ng6 16. Bf4 Bc5 17. Na4 Be7 18. Rh1 Rxh1 19. Rxh1 c5 20. Nh4 Nf8 21.
Nc3 Be6 22. Be3 a6 23. a4 Rb8 24. f4 Kd7 25. Nf3 Ng6 26. Nh4 Nxh4 27. Rxh4 Kc6
28. Rh7 Rg8 29. Rh1 Bc4 30. b3 Be6 31. Ne2 Bd5 32. Rh7 Be4 33. Rh2 Bxc2 34.
Nd4+ cxd4 35. Rxc2+ Kd5 36. Rxc7 dxe3 37. Rxe7 Rh8 38. Rxg7 Rh3+ 39. Kg2 Rh2+
40. Kf1 Ke4 41. g6 Rf2+ 42. Ke1 Rg2 43. Rh7 Rxg6 44. Ke2 Kxf4 45. Rh4+ Kxe5 46.
Kxe3 Rg3+ 47. Kf2 Rxb3 0-1

[Event "Zalakarosi Sakkfesztivál open"]
[Site "Zalakaros"]
[Date "2018.06.01"]
[Round "8.15"]
[White "Sonnberger, Thomas"]
[Black "Srinath, Rao S.V."]
[Result "0-1"]
[WhiteElo "2186"]
[BlackElo "2363"]
[PlyCount "68"]
[EventDate "2018.05.25"]
[EventType "swiss"]
[EventRounds "9"]
[EventCountry "HUN"]

1. Nf3 g6 2. g3 Bg7 3. d4 e6 4. e4 Ne7 5. Bg2 d5 6. Nc3 Nbc6 7. exd5 exd5 8.
O-O Bg4 9. Ne2 Qd7 10. c3 f6 11. Nf4 g5 12. Nd3 b6 13. h3 Bf5 14. b4 a6 15. a4
h5 16. h4 Ng6 17. Re1+ Kf7 18. hxg5 Bg4 19. Bf4 h4 20. b5 axb5 21. axb5 Rxa1
22. Qxa1 Nce7 23. gxf6 Bxf6 24. Nfe5+ Bxe5 25. Nxe5+ Nxe5 26. Bxe5 Rg8 27. Qa7
h3 28. Bh1 Qf5 29. Bf4 Rc8 30. Qa2 h2+ 31. Kxh2 Rh8+ 32. Kg1 Rxh1+ 33. Kxh1
Bf3+ 34. Kg1 Qh3 0-1

[Event "Zalakarosi Sakkfesztivál open"]
[Site "Zalakaros"]
[Date "2018.06.01"]
[Round "8.19"]
[White "Horak, Jiri"]
[Black "Peczely, Sebastian Zsombor"]
[Result "1/2-1/2"]
[WhiteElo "2131"]
[BlackElo "2244"]
[PlyCount "159"]
[EventDate "2018.05.25"]
[EventType "swiss"]
[EventRounds "9"]
[EventCountry "HUN"]

1. d4 d5 2. c4 c6 3. Nc3 Nf6 4. e3 g6 5. Nf3 Bg7 6. Bd3 dxc4 7. Bxc4 b5 8. Bb3
a5 9. Ne5 O-O 10. Qf3 a4 11. Bc2 Qb6 12. O-O Bb7 13. Bd2 Nfd7 14. Nxd7 Nxd7 15.
Rfd1 e5 16. d5 Nc5 17. dxc6 Bxc6 18. Nd5 Bxd5 19. Qxd5 Rfd8 20. Qf3 b4 21. Be4
Ra7 22. Be1 Rad7 23. Rxd7 Rxd7 24. g4 Ne6 25. Rc1 Ng5 26. Qg2 Rc7 27. Rd1 Rc4
28. Bd3 Rc8 29. h4 Ne6 30. Qe4 Rb8 31. Bc4 Nc5 32. Qf3 Qc7 33. Bd5 e4 34. Qe2
Nd3 35. b3 axb3 36. axb3 Qe7 37. f4 Nxe1 38. Rxe1 Bc3 39. Rd1 Qxh4 40. Bxe4 Re8
41. Bf3 Qg3+ 42. Kf1 Kg7 43. Qf2 Qh3+ 44. Ke2 Qh6 45. g5 Qh3 46. Bd5 Re7 47.
Rh1 Qf5 48. Bg2 Bd4 49. Rh3 Qb5+ 50. Kf3 Rxe3+ 51. Qxe3 Bxe3 52. Kxe3 Qc5+ 53.
Kf3 Qd5+ 54. Kf2 Qd2+ 55. Kg3 Qe3+ 56. Kg4 Qe6+ 57. Kh4 f6 58. Rg3 Qe1 59. Kh3
Qc1 60. gxf6+ Kxf6 61. Rf3 h5 62. Bf1 Qd1 63. Bg2 Qe2 64. Kg3 h4+ 65. Kh3 Kf5
66. Bh1 Qd1 67. Bg2 Qe1 68. Bf1 Qd1 69. Bg2 Qc2 70. Bh1 Qc3 71. Bg2 Qd2 72. Bf1
Qe1 73. Bd3+ Kf6 74. Bf1 Qd1 75. Bg2 Kf5 76. Kxh4 Qe1+ 77. Kh3 Qg1 78. Rf1 Qe3+
79. Rf3 Qe2 80. Kg3 1/2-1/2

[Event "Zalakarosi Sakkfesztivál open"]
[Site "Zalakaros"]
[Date "2018.06.01"]
[Round "8.21"]
[White "Zentai, Peter"]
[Black "Ongut, Tamas Gunes"]
[Result "1/2-1/2"]
[WhiteElo "2327"]
[BlackElo "2130"]
[PlyCount "54"]
[EventDate "2018.05.25"]
[EventType "swiss"]
[EventRounds "9"]
[EventCountry "HUN"]

1. d4 Nf6 2. c4 g6 3. Nc3 Bg7 4. e4 d6 5. Be2 O-O 6. Nf3 e5 7. O-O Nc6 8. dxe5
dxe5 9. Bg5 Qxd1 10. Rfxd1 h6 11. Be3 Kh7 12. Bd3 Be6 13. Nd5 Rfc8 14. Rac1 Ne8
15. Bb1 f6 16. Rd2 Bf8 17. h3 Nd8 18. c5 c6 19. Nc3 Nf7 20. Rcd1 h5 21. Bc2 Nc7
22. Bb3 Rd8 23. Bxe6 Nxe6 24. Rd7 Kg7 25. Rxb7 Rxd1+ 26. Nxd1 Nxc5 27. Rc7 Nxe4
1/2-1/2

[Event "Zalakarosi Sakkfesztivál open"]
[Site "Zalakaros"]
[Date "2018.06.01"]
[Round "8.22"]
[White "Polajzer, Danilo"]
[Black "Kovacs, Judit"]
[Result "1-0"]
[WhiteElo "2273"]
[BlackElo "2127"]
[PlyCount "63"]
[EventDate "2018.05.25"]
[EventType "swiss"]
[EventRounds "9"]
[EventCountry "HUN"]

1. Nf3 d5 2. d4 Nf6 3. c4 c6 4. Qc2 g6 5. Bf4 Bg7 6. cxd5 cxd5 7. Bc7 Qd7 8.
Ne5 Qf5 9. Qa4+ Nbd7 10. e3 O-O 11. Bd3 Qg5 12. O-O Nxe5 13. Bxe5 Bh3 14. Bg3
Bf5 15. Be2 Ne4 16. Bf4 Qf6 17. f3 Nc5 18. Qa3 Ne6 19. Be5 Qh4 20. Bg3 Qh6 21.
Bf2 Bxb1 22. Raxb1 Bf6 23. Qb3 Rfd8 24. Qxb7 Ng7 25. Qa6 Nf5 26. Qd3 Rab8 27.
b4 e5 28. g4 Ne7 29. Bg3 Nc6 30. b5 e4 31. fxe4 dxe4 32. Qxe4 1-0

[Event "Zalakarosi Sakkfesztivál open"]
[Site "Zalakaros"]
[Date "2018.06.01"]
[Round "8.23"]
[White "Tatarintsev, Egor"]
[Black "Vegh, Endre"]
[Result "1-0"]
[WhiteElo "2125"]
[BlackElo "2264"]
[PlyCount "43"]
[EventDate "2018.05.25"]
[EventType "swiss"]
[EventRounds "9"]
[EventCountry "HUN"]

1. e4 d6 2. d4 Nf6 3. Nc3 c6 4. f4 Qa5 5. e5 Ne4 6. Qf3 d5 7. Bd3 g6 8. Nge2
Na6 9. O-O Nxc3 10. bxc3 e6 11. c4 Bd7 12. Rb1 Rb8 13. Rd1 b5 14. cxb5 cxb5 15.
Bd2 Qa4 16. Rb3 b4 17. c3 Qxa2 18. Rbb1 Bb5 19. Ra1 Qb2 20. Bxb5+ Rxb5 21. Qd3
bxc3 22. Bxc3 1-0

[Event "Zalakarosi Sakkfesztivál open"]
[Site "Zalakaros"]
[Date "2018.06.01"]
[Round "8.24"]
[White "Marton, Jozsef"]
[Black "Geher, Koppany"]
[Result "1/2-1/2"]
[WhiteElo "2080"]
[BlackElo "2257"]
[PlyCount "77"]
[EventDate "2018.05.25"]
[EventType "swiss"]
[EventRounds "9"]
[EventCountry "HUN"]

1. d4 f5 2. Nf3 Nf6 3. c4 g6 4. g3 Bg7 5. Bg2 O-O 6. O-O d6 7. b3 c6 8. Bb2 Na6
9. Nbd2 Ne4 10. Ne1 Nxd2 11. Qxd2 e5 12. Rd1 Qe7 13. dxe5 dxe5 14. Qd6 Qxd6 15.
Rxd6 Re8 16. Nc2 Be6 17. Rfd1 Nc7 18. f4 e4 19. Bxg7 Kxg7 20. Rd7+ Bxd7 21.
Rxd7+ Kf6 22. Rxc7 Re7 23. Rxe7 Kxe7 24. Kf2 Rd8 25. Ke1 a5 26. g4 Kf6 27. g5+
Ke7 28. Bf1 h6 29. h4 hxg5 30. hxg5 Kd7 31. e3 Ke7 32. Na3 Rh8 33. Nc2 Rd8 34.
Nd4 Rd7 35. a3 c5 36. Nc2 Kd6 37. a4 Ke6 38. Na3 Rh7 39. Nb5 1/2-1/2

[Event "Zalakarosi Sakkfesztivál open"]
[Site "Zalakaros"]
[Date "2018.06.01"]
[Round "8.25"]
[White "Demeter, Dorina"]
[Black "Molnar, Erno"]
[Result "0-1"]
[WhiteElo "2060"]
[BlackElo "2243"]
[PlyCount "120"]
[EventDate "2018.05.25"]
[EventType "swiss"]
[EventRounds "9"]
[EventCountry "HUN"]

1. d4 Nf6 2. c4 g6 3. Nc3 d5 4. Nf3 Bg7 5. cxd5 Nxd5 6. Na4 O-O 7. e4 Nf6 8.
Nc3 c5 9. Be2 cxd4 10. Nxd4 Nxe4 11. Nxe4 Qxd4 12. Nd2 Nc6 13. O-O Be6 14. Bf3
Rac8 15. Qe2 Qb4 16. a3 Qb6 17. Rb1 Rfd8 18. Nc4 Qb5 19. Ne3 Qxe2 20. Bxe2 Nd4
21. Re1 Nb3 22. Bb5 Nxc1 23. Rbxc1 Rxc1 24. Rxc1 Bxb2 25. Rc7 Bxa3 26. Rxb7 Bc5
27. h3 Kf8 28. g4 h6 29. Bc4 Bxe3 30. Bxe6 Rd1+ 31. Kg2 Rd2 32. Kf3 Bb6 33. Bc4
Rxf2+ 34. Kg3 Rc2 35. Bd5 Rc3+ 36. Kg2 e6 37. Be4 Kg7 38. Rd7 Kf6 39. Bb7 a5
40. Rd6 Bc5 41. Ra6 Bb4 42. Bc6 Kg5 43. Be8 Rc7 44. Rc6 Rxc6 45. Bxc6 f5 46.
gxf5 gxf5 47. Kf3 e5 48. Bd7 e4+ 49. Ke2 Kf4 50. Kf2 Ke5 51. Ke2 f4 52. Bb5 f3+
53. Kf1 e3 54. Bc4 e2+ 55. Bxe2 fxe2+ 56. Kxe2 a4 57. Kd3 a3 58. Kc2 Kf4 59. h4
Kg4 60. h5 Kxh5 0-1

[Event "Zalakarosi Sakkfesztivál open"]
[Site "Zalakaros"]
[Date "2018.06.01"]
[Round "8.26"]
[White "Szalanczy, Emil"]
[Black "Bereczki, Janos"]
[Result "0-1"]
[WhiteElo "2233"]
[BlackElo "2099"]
[PlyCount "164"]
[EventDate "2018.05.25"]
[EventType "swiss"]
[EventRounds "9"]
[EventCountry "HUN"]

1. e4 e6 2. d4 d5 3. Nc3 dxe4 4. Nxe4 Nd7 5. Nf3 Ngf6 6. Bd3 Be7 7. c3 Nxe4 8.
Bxe4 Nf6 9. Bc2 c5 10. O-O O-O 11. Re1 b6 12. Bg5 Bb7 13. Qd3 g6 14. Rad1 Qc7
15. Bb3 cxd4 16. cxd4 Bd5 17. Ne5 Bxb3 18. Qxb3 Nd5 19. Rc1 Qd6 20. h4 f6 21.
Nc4 Qd7 22. Bh6 Rfe8 23. Ne3 Bf8 24. Bxf8 Kxf8 25. h5 Rad8 26. h6 Re7 27. Rc4
Qd6 28. g3 Nxe3 29. Rxe3 Qd5 30. Rec3 Kf7 31. Qb4 Qh5 32. a4 Qxh6 33. a5 bxa5
34. Qxa5 Rd5 35. Qa4 Qd2 36. Rc7 Qxd4 37. Rxe7+ Kxe7 38. Rc7+ Kd8 39. Qc6 Rd7
40. Rc8+ Ke7 41. Rh8 Qd1+ 42. Kg2 Qd5+ 43. Qxd5 exd5 44. Rxh7+ Ke6 45. Rh1 Rb7
46. Ra1 Ke5 47. Ra2 Ke4 48. Kf1 Kd3 49. Ra6 Rxb2 50. Rxf6 Rb1+ 51. Kg2 Rb6 52.
Rf7 a6 53. g4 d4 54. g5 Rb5 55. f4 Ke4 56. Kg3 d3 57. Re7+ Kd4 58. Kf3 Rd5 59.
Rc7 Rd6 60. Rc8 d2 61. Ke2 Ke4 62. Kd1 Kxf4 63. Rc5 Kg4 64. Ra5 Kf4 65. Rc5 Ke3
66. Rc3+ Ke4 67. Ra3 Rd5 68. Rxa6 Kf5 69. Rf6+ Kxg5 70. Rf1 Rd4 71. Rf2 Kh4 72.
Rf1 g5 73. Rh1+ Kg3 74. Rg1+ Kf4 75. Rg2 g4 76. Rf2+ Ke3 77. Rf8 g3 78. Re8+
Kf3 79. Rf8+ Rf4 80. Rg8 g2 81. Kxd2 Rg4 82. Rf8+ Kg3 0-1

[Event "Zalakarosi Sakkfesztivál open"]
[Site "Zalakaros"]
[Date "2018.06.01"]
[Round "8.27"]
[White "Virag, Balint"]
[Black "Veleski, Robert"]
[Result "0-1"]
[WhiteElo "2065"]
[BlackElo "2225"]
[PlyCount "60"]
[EventDate "2018.05.25"]
[EventType "swiss"]
[EventRounds "9"]
[EventCountry "HUN"]

1. e4 g6 2. d4 Bg7 3. Nf3 a6 4. Nc3 d6 5. Be3 b5 6. a4 b4 7. Na2 Bb7 8. Bd3 a5
9. c3 Nf6 10. cxb4 Nxe4 11. bxa5 O-O 12. Qc2 Nf6 13. b4 e5 14. dxe5 Nd5 15. Rb1
Nxe3 16. fxe3 Bxf3 17. gxf3 Bxe5 18. f4 Bg7 19. h4 c5 20. h5 cxb4 21. hxg6 hxg6
22. Bc4 d5 23. Rd1 Qe7 24. Bxd5 Qxe3+ 25. Kf1 Qxf4+ 26. Kg2 Qg4+ 27. Kf1 Ra6
28. Rd2 Rf6+ 29. Rf2 Rxf2+ 30. Kxf2 Qd4+ 0-1

[Event "Zalakarosi Sakkfesztivál open"]
[Site "Zalakaros"]
[Date "2018.06.01"]
[Round "8.28"]
[White "Jamrich, Gyorgy"]
[Black "Csala, Imre"]
[Result "1-0"]
[WhiteElo "2213"]
[BlackElo "2093"]
[PlyCount "63"]
[EventDate "2018.05.25"]
[EventType "swiss"]
[EventRounds "9"]
[EventCountry "HUN"]

1. e4 d6 2. d4 Nf6 3. Nc3 c6 4. f4 Nbd7 5. Nf3 Qa5 6. Bd2 e5 7. Bd3 Be7 8. Ne2
Qb6 9. c3 d5 10. Nxe5 dxe4 11. Bc4 Nd5 12. O-O N7f6 13. Bb3 O-O 14. c4 Nb4 15.
c5 Bxc5 16. dxc5 Qxc5+ 17. Kh1 Nd3 18. Nxd3 exd3 19. Ng3 Bg4 20. Qc1 Qd6 21. h3
Be2 22. Re1 Rfe8 23. Qc4 Nd5 24. Qd4 Rad8 25. Bxd5 Qxd5 26. Qxa7 c5 27. Rac1
Rc8 28. Qa4 Re6 29. Qc4 Qd7 30. f5 Rd6 31. Qf4 Rd4 32. Qf2 1-0

[Event "Zalakarosi Sakkfesztivál open"]
[Site "Zalakaros"]
[Date "2018.06.01"]
[Round "8.29"]
[White "Kende, Gyorgy Dr."]
[Black "Suta, Andraz"]
[Result "1-0"]
[WhiteElo "2027"]
[BlackElo "2212"]
[PlyCount "81"]
[EventDate "2018.05.25"]
[EventType "swiss"]
[EventRounds "9"]
[EventCountry "HUN"]

1. e4 e5 2. Bc4 Nf6 3. d4 Nc6 4. d5 Nb8 5. Nc3 d6 6. Nf3 h6 7. h3 Be7 8. Be3 c6
9. dxc6 bxc6 10. Qe2 Be6 11. Bxe6 fxe6 12. O-O-O Qa5 13. g4 Qa6 14. Rd3 Nfd7
15. g5 c5 16. Nh4 Nc6 17. Ng6 Rg8 18. Qg4 Nd8 19. Rhd1 Nf8 20. Nxe7 Kxe7 21.
gxh6 Nf7 22. hxg7 c4 23. gxf8=Q+ Raxf8 24. Qh4+ Kd7 25. Rxd6+ Nxd6 26. Bc5 Kc8
27. Bxd6 Rd8 28. Qe7 Qc6 29. Qxe6+ Kb7 30. Qxe5 Rg6 31. Ba3 Rxd1+ 32. Nxd1 Re6
33. Qg7+ Ka8 34. f3 Rg6 35. Qd4 Rg2 36. Qd5 Qxd5 37. exd5 Rh2 38. d6 Kb7 39. d7
Kc7 40. Bd6+ Kxd7 41. Bxh2 1-0

[Event "Zalakarosi Sakkfesztivál open"]
[Site "Zalakaros"]
[Date "2018.06.01"]
[Round "8.30"]
[White "Konyves, Almos"]
[Black "Kareva, Natalia"]
[Result "0-1"]
[WhiteElo "1902"]
[BlackElo "2206"]
[PlyCount "166"]
[EventDate "2018.05.25"]
[EventType "swiss"]
[EventRounds "9"]
[EventCountry "HUN"]

1. e4 c5 2. c4 Nc6 3. Nf3 Nd4 4. Nc3 d6 5. Be2 a6 6. O-O e6 7. d3 Ne7 8. Bg5
Qb6 9. Na4 Qc6 10. Nxd4 cxd4 11. b4 h6 12. Bd2 g5 13. f4 gxf4 14. Bxf4 Bd7 15.
Nb2 Ng6 16. a4 a5 17. Bd2 Be7 18. Qb3 Bg5 19. Bxg5 hxg5 20. g3 Qb6 21. b5 Qc5
22. Rf6 Nf4 23. gxf4 gxf4 24. Rxf4 Qg5+ 25. Rg4 Qe3+ 26. Kh1 Qxe2 27. Rg2 Qh5
28. Qd1 Ke7 29. Qxh5 Rxh5 30. Rf1 Rah8 31. Rgf2 R8h7 32. Rg1 Rh3 33. Rg8 Be8
34. e5 dxe5 35. c5 e4 36. c6 Bxc6 37. bxc6 bxc6 38. dxe4 Rc3 39. Rc8 Rg7 40.
Rd2 c5 41. Nd3 Kd6 42. h3 f5 43. exf5 e5 44. f6 Rf7 45. Nf2 Kd7 46. Ra8 Rxf6
47. Rxa5 Rb6 48. Ne4 Rc1+ 49. Kg2 Kc6 50. h4 Kd5 51. Ng5 e4 52. Ra8 e3 53. Re2
Rh6 54. Rd8+ Kc4 55. Nf7 Rg6+ 56. Kh2 Kd3 57. Rg2 Rxg2+ 58. Kxg2 e2 59. Ne5+
Kc3 60. Nf3 Rf1 61. Re8 d3 62. Re3 Ra1 63. Kf2 Rxa4 64. Ne1 c4 65. Ng2 Ra8 66.
h5 Kd2 67. h6 Rf8+ 68. Rf3 Rh8 69. Rh3 c3 70. Ne1 Rf8+ 71. Rf3 Rxf3+ 72. Nxf3+
Kd1 73. h7 d2 74. h8=Q e1=Q+ 75. Kg2 Qe2+ 76. Kg3 Qe3 77. Qa8 c2 78. Qa4 Ke2
79. Qc4+ Qd3 80. Qe6+ Kd1 81. Qb6 c1=Q 82. Qg1+ Kc2 83. Qc5+ Kb1 0-1

[Event "Zalakarosi Sakkfesztivál open"]
[Site "Zalakaros"]
[Date "2018.06.01"]
[Round "8.31"]
[White "Boguszlavszkij, Jevgenyij"]
[Black "Hadzi - Manev, Ljubomir"]
[Result "1-0"]
[WhiteElo "2173"]
[BlackElo "2049"]
[PlyCount "141"]
[EventDate "2018.05.25"]
[EventType "swiss"]
[EventRounds "9"]
[EventCountry "HUN"]

1. e4 g6 2. Nc3 Bg7 3. g3 d6 4. Nge2 c5 5. d4 cxd4 6. Nxd4 Nc6 7. Nde2 Nf6 8.
Bg2 h5 9. Bg5 Qa5 10. Bd2 Qd8 11. Nd5 h4 12. Bc3 h3 13. Bf3 Ne5 14. Bxe5 dxe5
15. Nxf6+ Bxf6 16. Qxd8+ Kxd8 17. O-O-O+ Kc7 18. Nc3 Bg5+ 19. Kb1 Be6 20. Nd5+
Bxd5 21. Rxd5 f6 22. c3 Rad8 23. Rhd1 Rxd5 24. Rxd5 e6 25. Rd1 f5 26. Re1 Bf6
27. Kc2 b6 28. Be2 Be7 29. Bc4 Bc5 30. Bxe6 fxe4 31. Re2 Rf8 32. Kd2 Rxf2 33.
Bxh3 e3+ 34. Ke1 a5 35. Be6 Kd6 36. Bc4 Ke7 37. a3 Kf6 38. b4 axb4 39. axb4 Bd6
40. Rxf2+ exf2+ 41. Kxf2 e4 42. Ke3 Be5 43. Kd2 Kf5 44. Be2 Bd6 45. Kc2 Ke5 46.
Kb3 Kd5 47. Bc4+ Ke5 48. Ka4 Bc7 49. Kb5 Kd6 50. Be2 Bd8 51. h4 Bf6 52. c4 Kc7
53. h5 gxh5 54. Bxh5 Bd4 55. g4 Bf6 56. Bg6 e3 57. Bd3 Be7 58. Be2 Bf6 59. Bf3
Be7 60. Bd1 Bd8 61. Be2 Be7 62. Bd3 Bd8 63. Ka6 Be7 64. c5 bxc5 65. b5 Kb8 66.
Kb6 c4 67. Bxc4 Bf6 68. Be2 Bd4+ 69. Kc6 Kc8 70. Kd5 Bf6 71. Ke4 1-0

[Event "Zalakarosi Sakkfesztivál open"]
[Site "Zalakaros"]
[Date "2018.06.01"]
[Round "8.32"]
[White "Kosztolanczi, Gyula"]
[Black "Draganic, Stjepan"]
[Result "0-1"]
[WhiteElo "2130"]
[BlackElo "2006"]
[PlyCount "94"]
[EventDate "2018.05.25"]
[EventType "swiss"]
[EventRounds "9"]
[EventCountry "HUN"]

1. e4 c6 2. d4 d5 3. Nc3 dxe4 4. Nxe4 Nf6 5. Ng3 e5 6. Nf3 exd4 7. Nxd4 Bc5 8.
c3 Bxd4 9. cxd4 Be6 10. Be2 Qa5+ 11. Qd2 Qxd2+ 12. Bxd2 Nbd7 13. O-O O-O 14. f3
Rfe8 15. Rfe1 Rad8 16. Rad1 h6 17. b3 Nb6 18. Ba5 Rd7 19. Ne4 Nxe4 20. fxe4
Red8 21. Bc3 Na8 22. Kf2 Nc7 23. Ke3 f5 24. e5 Nd5+ 25. Kd2 f4 26. Bc4 Kh7 27.
Rf1 g5 28. Rde1 Re8 29. Rf2 Ne3 30. Bd3+ Kg7 31. h4 Bd5 32. hxg5 hxg5 33. Rh1
Rh8 34. Rxh8 Kxh8 35. g4 fxg3 36. e6 Re7 37. Rf6 g2 38. Rh6+ Kg8 39. Rg6+ Rg7
40. e7 Bf7 41. Rxg7+ Kxg7 42. d5+ Kh6 43. d6 Be8 44. Kxe3 g1=Q+ 45. Ke4 Qg2+
46. Kf5 Qf3+ 47. Ke6 Qxd3 0-1

[Event "Zalakarosi Sakkfesztivál open"]
[Site "Zalakaros"]
[Date "2018.06.01"]
[Round "8.33"]
[White "Vinkovics, Sandor"]
[Black "Kertesz, Zsolt"]
[Result "1-0"]
[WhiteElo "2054"]
[BlackElo "1879"]
[PlyCount "59"]
[EventDate "2018.05.25"]
[EventType "swiss"]
[EventRounds "9"]
[EventCountry "HUN"]

1. d4 d5 2. Nf3 Nf6 3. Bg5 e6 4. e3 h6 5. Bh4 g5 6. Bg3 Ne4 7. Nbd2 h5 8. Nxe4
dxe4 9. Nd2 h4 10. Be5 f6 11. Be2 fxe5 12. Bh5+ Ke7 13. Qg4 Bh6 14. dxe5 Qd5
15. f4 exf3 16. Nxf3 Nc6 17. O-O Bd7 18. Nxg5 Nxe5 19. Qxh4 Ng6 20. Rf7+ Kd8
21. Bxg6 Qxg5 22. Qxg5+ Bxg5 23. Rd1 Be7 24. e4 Rg8 25. Rh7 c6 26. Bf7 Re8 27.
Bxe8 Kxe8 28. Rh8+ Bf8 29. Rxf8+ Kxf8 30. Rxd7 1-0

[Event "Zalakarosi Sakkfesztivál open"]
[Site "Zalakaros"]
[Date "2018.06.01"]
[Round "8.34"]
[White "Molnar, Gabor"]
[Black "Papp, Gellert"]
[Result "0-1"]
[WhiteElo "1943"]
[BlackElo "2325"]
[PlyCount "106"]
[EventDate "2018.05.25"]
[EventType "swiss"]
[EventRounds "9"]
[EventCountry "HUN"]

1. d4 Nf6 2. Bf4 g6 3. Nc3 d5 4. e3 Bg7 5. h4 h5 6. Nb5 Na6 7. Nf3 Bg4 8. Be2
Bxf3 9. Bxf3 c6 10. Nc3 Nd7 11. Bg5 Qb6 12. Na4 Qa5+ 13. Nc3 e5 14. dxe5 Nxe5
15. O-O Nc5 16. Rb1 Ne6 17. Bf4 O-O 18. Bxe5 Bxe5 19. Ne2 Qxa2 20. c3 Qa5 21.
Nd4 Bxd4 22. exd4 Rfe8 23. Qd2 Qc7 24. g3 a5 25. Be2 a4 26. Ra1 b5 27. Qh6 Nxd4
28. Bxh5 Nf5 29. Qg5 Qe7 30. Bg4 Qxg5 31. hxg5 Re5 32. Kg2 Kg7 33. b3 Ree8 34.
bxa4 Rxa4 35. Rxa4 bxa4 36. Ra1 Re4 37. Bd1 Rc4 38. Ra3 Nd6 39. Be2 Nb5 40. Ra1
Rxc3 41. Rxa4 Nd6 42. f4 Rc2 43. Kf3 Ne4 44. Bd3 Rc3 45. Rd4 Nc5 46. Ke2 Rxd3
47. Rxd3 Nxd3 48. Kxd3 c5 49. Ke3 Kg8 50. Kd3 Kf8 51. g4 Ke7 52. f5 Kd6 53. f6
Ke6 0-1